| 000 | 00441nam a2200169 4500 | ||
|---|---|---|---|
| 003 | SEACOMMC | ||
| 005 | 20250512110333.0 | ||
| 008 | 250403b |||||||| |||| 00| 0 eng d | ||
| 020 |
_a978-81-8281-282-6 _cRs.250.00 |
||
| 040 | _aSEACOMMC | ||
| 082 |
_a001.42 _bM 984 |
||
| 100 | _a Murthy, C. | ||
| 245 | 1 |
_aResearch Methodology / _cC. Murthy |
|
| 260 |
_aDelhi _b Vrinda Publications _c 2009 |
||
| 650 | _a Research Method | ||
| 942 | _cBOOK | ||
| 999 |
_c1173 _d1173 |
||